Wymień polskie miasto, w którym jest lub była kopalnia. - Statystyki

Ogólne statystyki
  • Ten quiz został rozwiązany 109 razy
  • Średni wynik to 4 z 7
Statystyki odpowiedzi
Odpowiedź % Poprawnych
Katowice
86%
Zabrze
69%
Ruda śląska
51%
Bełchatów
45%
Wieliczka
45%
Dąbrowa Górnicza
41%
Turów
15%
Nie znaleziono quizów pasujących do podanych kryteriów
Rozkład punktacji
Procent ludzi z każdym wynikiem
Percentyl według liczby udzielonych odpowiedzi
Twoja historia wyników
Nie rozwiązałeś tego quizu